[Event "Wattens op"]
[Site "Wattens"]
[Date "1994.??.??"]
[Round "5"]
[White "Timoshchenko, Gennadi A"]
[Black "Neuschmied, Siegfried"]
[Result "1-0"]
[WhiteElo "2515"]
[BlackElo "2265"]

1.d4 Nf6 2.c4 g6 3.Nc3 Bg7 4.e4 d6 5.Nf3 O-O 6.Be2 e5 7.Be3 c6 8.d5 Ng4 9.Bg5 f6
10.Bh4 h5 11.Nd2 Nh6 12.f3 c5 13.Rb1 Na6 14.a3 Nf7 15.Bd3 Bh6 16.Qe2 Bg5
17.Bf2 b6 18.b4 Nc7 19.bxc5 bxc5 20.Rb2 Ne8 21.O-O h4 22.Bc2 Ng7 23.Ba4 a6
24.Bc6 Ra7 25.Rfb1 Nh5 26.Nf1 Nf4 27.Qd1 f5 28.Bb7 Bd7 29.Bc6 Bc8 30.Rb8 Bh6
31.Be3 Qe7 32.Qd2 fxe4 33.Nxe4 Ng5 34.Nxg5 Bxg5 35.Ba4 Bf5 36.Bc2 Qg7 37.Kh1 Rf7
38.Rxf8+ Rxf8 39.Be4 Qf7 40.Qc2 Qc7 41.Bd2 Bd8 42.Ne3 Qh7 43.Be1 Nh5 44.Kg1 Bg5
45.Rb3 Ng7 46.Nf1 Nh5 47.Rb6 Be7 48.Rxa6 Nf6 49.Nd2 Nxe4 50.Nxe4 h3 51.g4 Bc8
52.Ra8 Qf7 53.Qd3 Kg7 54.Ra7 Rd8 55.Ng5 Bxg5 56.Rxf7+ Kxf7 57.Ba5 Rd7 58.Bd2 Bf6
59.Qf1 Rb7 60.Qxh3 Rb1+ 61.Kf2 Rb2 62.Qh7+ Bg7 63.Ke1  1-0

[Event "Wattens op"]
[Site "Wattens"]
[Date "1994.??.??"]
[Round "9"]
[White "Pirchner, Hans"]
[Black "Ager, Hans"]
[Result "0-1"]
[WhiteElo "1800"]
[BlackElo "2040"]

1.d4 Nf6 2.c4 g6 3.Nc3 Bg7 4.Nf3 O-O 5.e4 d6 6.Be2 e5 7.Be3 Ng4 8.Bg5 f6
9.Bc1 Nc6 10.d5 Ne7 11.h3 Nh6 12.g4 Nf7 13.Be3 c6 14.Qd2 Qa5 15.O-O f5 16.gxf5 gxf5
17.Bg5 Ng6 18.exf5 Bxf5 19.Kh2 Qc7 20.Be3 Qd7 21.Ng1 Nf4 22.Bxf4 exf4 23.Bf3 Ng5
24.h4 Nf7 25.Bg2 Qe7 26.Nf3 Ne5 27.Rh1 Nxf3+ 28.Bxf3 Qxh4+ 29.Kg2 Qg5+ 30.Kf1 Qg6
31.Rd1 c5 32.Rg1 Qh6 33.Rh1 Qg5 34.Rh5 Qg6 35.Rh1 Rae8 36.Re1 Bd3+ 37.Be2 Rxe2
38.Rxe2 f3 39.Rg1 fxe2+ 40.Nxe2 Bxe2+ 41.Qxe2 Qb1+  0-1

[Event "WchT Silent"]
[Site "?"]
[Date "1994.??.??"]
[Round "1"]
[White "Kluss, Kai"]
[Black "Georgiev, Biser"]
[Result "0-1"]
[WhiteElo "2195"]
[BlackElo "2260"]

1.d4 Nf6 2.c4 g6 3.Nc3 Bg7 4.Nf3 O-O 5.e4 d6 6.Be2 e5 7.dxe5 dxe5 8.O-O Nbd7
9.Qc2 c6 10.Rd1 Qc7 11.a4 a5 12.Bg5 Nc5 13.Rab1 Re8 14.b3 Ne6 15.Bxf6 Bxf6
16.g3 Be7 17.Qc1 Kg7 18.Rf1 Bc5 19.Nd1 Rd8 20.Ne3 Nd4 21.Nxd4 exd4 22.Ng4 Bxg4
23.Bxg4 Qe5 24.Bf3 d3 25.Qd2 Rd6 26.Rfd1 Rad8 27.Kg2 Bb4 28.Qe3 Bc5 29.Qd2 Bb4
30.Qe3 d2 31.Qe2 Rd3 32.Kg1 Bc5 33.Kg2 R8d6 34.Bg4 R3d4 35.Bf3 Rd3 36.Kf1 Qd4
37.e5 Re6 38.Rb2 Rxe5  0-1

[Event "WchT Silent"]
[Site "?"]
[Date "1994.??.??"]
[Round "3"]
[White "Hoffmann, Hans"]
[Black "Salov, Sergei"]
[Result "0-1"]
[WhiteElo "2230"]
[BlackElo "2270"]

1.d4 Nf6 2.c4 d6 3.Nc3 e5 4.Nf3 Nbd7 5.e4 g6 6.Be2 Bg7 7.O-O O-O 8.Be3 c6
9.d5 c5 10.Ne1 Ne8 11.f3 f5 12.g4 f4 13.Bf2 Bf6 14.Ng2 h5 15.gxh5 gxh5 16.Qe1 Kh7
17.Kh1 Rg8 18.Bh4 Nf8 19.Bxf6 Qxf6 20.Qh4 Rg5 21.Rg1 Ng6 22.Qf2 h4 23.Ne1 Rxg1+
24.Qxg1 Ng7 25.Nd3 Nh5 26.Kg2 Bd7 27.Kf2 h3 28.Ke1 Rg8 29.Qf2 Nh4 30.Bf1 Ng3
31.Ne2 Nh1  0-1

[Event "Werfen op"]
[Site "Werfen"]
[Date "1994.??.??"]
[Round "?"]
[White "Hicker, Harald"]
[Black "Ragozin, Evgeni"]
[Result "0-1"]
[WhiteElo "2070"]
[BlackElo "2510"]

1.Nf3 Nf6 2.d4 g6 3.c4 Bg7 4.Nc3 O-O 5.e4 d6 6.Be2 e5 7.d5 Nbd7 8.O-O Nc5
9.Qc2 a5 10.Ne1 Bd7 11.b3 c6 12.f3 cxd5 13.cxd5 Rc8 14.Be3 b5 15.Nxb5 Ncxe4
16.Bc4 Bxb5 17.fxe4 Ng4 18.Bf2 Nxf2 19.Rxf2 Bxc4 20.bxc4 Qc7 21.Qd2 Qxc4
22.Qxa5 Bh6 23.Nc2 Qxe4 24.Re1 Qd3 25.Nb4 Qc3 26.Rfe2 Rce8 27.Qb6 Rb8 28.Qxd6 Qxb4
29.Qxe5 Bg7 30.Qg3 Qc5+  0-1

[Event "Werfen op"]
[Site "Werfen"]
[Date "1994.??.??"]
[Round "?"]
[White "Weiss, Christian"]
[Black "Szymczak, Zbigniew"]
[Result "1/2-1/2"]
[WhiteElo "2240"]
[BlackElo "2365"]

1.c4 Nf6 2.Nf3 g6 3.Nc3 Bg7 4.d4 O-O 5.e4 d6 6.Be2 e5 7.O-O Nbd7 8.d5 Nc5
9.Nd2 Bh6 10.Qc2 a5 11.Nb3 Bxc1 12.Raxc1 Nxb3 13.Qxb3 Nd7 14.Qc2 Nc5 15.Na4 Nxa4
16.Qxa4 b6 17.Qa3 f5 18.exf5 Bxf5 19.Qe3 Qf6 20.b3 Bd7 21.Bd3 Qf4 22.Be4 Kg7
23.a3 Rf7 24.Qxf4 exf4 25.Rfe1 Re7 26.Bd3 Rxe1+ 27.Rxe1 Re8 28.Rc1 Kf6 29.Kf1 c6
30.dxc6 Bxc6 31.Rd1 f3 32.gxf3 Bxf3 33.Rd2 Re5 34.Be2 Bxe2+ 35.Rxe2 d5 36.Rc2 dxc4
37.Rxc4 Kf5 38.b4 Re4 39.Rc6 Re6 40.Rxe6 Kxe6 41.bxa5 bxa5 42.Ke2 Kf5 43.Kf3 a4
44.h3 Ke5 45.Ke3 g5 46.Kf3 h5 47.Kg3 Ke4 48.f3+ Ke3 49.h4 gxh4+ 50.Kxh4 Kxf3
51.Kxh5 Kf4 52.Kh4 Ke4 53.Kg4 Kd4 54.Kf4 Kc4 55.Ke4 Kb3 56.Kd3 Kxa3 57.Kc3 Ka2
58.Kc2 a3 59.Kc1 Ka1 60.Kc2 a2 61.Kc1  1/2-1/2

[Event "Werfen op"]
[Site "Werfen"]
[Date "1994.??.??"]
[Round "?"]
[White "Hartl, Aldo"]
[Black "Drozdov, Igor"]
[Result "0-1"]
[WhiteElo "2050"]
[BlackElo "2405"]

1.d4 Nf6 2.c4 g6 3.Nc3 Bg7 4.e4 d6 5.Nf3 O-O 6.Be2 e5 7.O-O exd4 8.Nxd4 Re8
9.f3 c6 10.Nc2 Na6 11.Rb1 Nc7 12.Bg5 d5 13.Qd2 d4 14.Qxd4 Qxd4+ 15.Nxd4 Nxe4
16.Nxe4 Bxd4+ 17.Kh1 Bf5 18.Bd3 Ne6 19.Rfd1 Bxe4 20.Bxe4 Nxg5 21.Rxd4 Rad8
22.Rxd8 Rxd8 23.Bc2 Rd2 24.Bb3 Ne6 25.Kg1 h5 26.a4 a5  0-1

[Event "Werfen op"]
[Site "Werfen"]
[Date "1994.??.??"]
[Round "?"]
[White "Knoll, Hermann"]
[Black "Demuth, Markus"]
[Result "1-0"]
[WhiteElo "2290"]
[BlackElo "2030"]

1.d4 Nf6 2.c4 g6 3.Nc3 Bg7 4.e4 d6 5.Nf3 O-O 6.Be2 e5 7.Be3 h6 8.h3 exd4
9.Nxd4 Re8 10.Qc2 Nbd7 11.O-O Nc5 12.f3 a5 13.Qd2 Kh7 14.Rad1 Nh5 15.Bf2 Be5
16.Be3 Bg7 17.Rfe1 Qh4 18.Bf2 Qd8 19.g4 Nf6 20.Bf1 b6 21.Bg3 Bb7 22.Qh2 Nfd7
23.Nd5 Ne5 24.f4 Ned7 25.Qc2 Nf6 26.Bg2 Ne6 27.Ne2 Nc5 28.Nec3 Nfd7 29.Kh2 Kh8
30.Nb5 Bxd5 31.cxd5 Rb8 32.Nd4 Qf6 33.Nc6 Rbc8 34.Re2 Bf8 35.Rf1 Qg7 36.Be1 Kg8
37.Bc3 Qh7 38.e5 dxe5 39.fxe5 Bg7 40.Ref2  1-0

[Event "Hoogovens-B"]
[Site "Wijk aan Zee"]
[Date "1994.??.??"]
[Round "4"]
[White "Pliester, Leon"]
[Black "Reinderman, Dimitri"]
[Result "1/2-1/2"]
[WhiteElo "2395"]
[BlackElo "2430"]

1.d4 Nf6 2.c4 g6 3.Nc3 Bg7 4.e4 d6 5.Be2 O-O 6.Nf3 e5 7.d5 Na6 8.Bg5 h6 9.Bh4 g5
10.Bg3 Nxe4 11.Nxe4 f5 12.Nfd2 fxe4 13.Nxe4 Bf5 14.f3 g4 15.O-O Qe8 16.Bf2 Qg6
17.Ng3 Bc2 18.Qd2 gxf3 19.Bxf3 Rxf3 20.gxf3 Rf8 21.Be3 Bd3 22.Rac1 Bxf1 23.Rxf1 b6
24.Qg2 Nb4 25.Ne4 Qxg2+ 26.Kxg2 Nd3 27.b3 Kh7 28.Rd1 Nf4+ 29.Bxf4 exf4 30.Kf2 Be5
31.Rd2 a5 32.a4 Rg8 33.Kf1 Rg7 34.Rg2 Rxg2 35.Kxg2 Kg6 36.Kf1 Kh5 37.Nf2 Bd4
38.Nd3 Kg5 39.b4 Be3 40.bxa5 bxa5 41.Kg2  1/2-1/2

[Event "Hoogovens-B"]
[Site "Wijk aan Zee"]
[Date "1994.??.??"]
[Round "8"]
[White "Pliester, Leon"]
[Black "Nijboer, Friso"]
[Result "0-1"]
[WhiteElo "2395"]
[BlackElo "2530"]

1.d4 Nf6 2.c4 g6 3.Nc3 Bg7 4.e4 d6 5.Be2 O-O 6.Nf3 e5 7.d5 a5 8.Bg5 h6 9.Bh4 Na6
10.Nd2 Qe8 11.a3 Bd7 12.O-O a4 13.Nb5 Qb8 14.Bxf6 Bxf6 15.Qxa4 Bg5 16.Nf3 Be7
17.Qc2 f5 18.b4 Qe8 19.Nd2 f4 20.g4 f3 21.Nxf3 Bxg4 22.Nfd4 Rf4 23.Nb3 Bh3
24.c5 Bh4 25.cxd6 cxd6 26.Qd3 Qd7 27.f3 Bxf1 28.Rxf1 Bd8 29.Kg2 Nc7 30.a4 Rxa4
31.Na5 Rxb4 32.Qc3 Rxb5  0-1

[Event "CAN-op"]
[Site "Winnipeg"]
[Date "1994.??.??"]
[Round "10"]
[White "Stone, Raymond"]
[Black "Yoos, John C"]
[Result "1/2-1/2"]
[WhiteElo "2355"]
[BlackElo "2315"]

1.d4 d6 2.Nf3 g6 3.c4 Bg7 4.Nc3 Nf6 5.e4 O-O 6.Be2 e5 7.O-O Na6 8.Rb1 exd4
9.Nxd4 Re8 10.f3 c6 11.Bg5 Qb6 12.Be3 Qd8 13.Qd2 Nc7 14.Rbd1 d5 15.cxd5 cxd5
16.Ndb5 Be6 17.e5 Nd7 18.f4 Nxb5 19.Bxb5 a6 20.Ba4 b5 21.Bb3 Nb6 22.Nxd5 Nxd5
23.Bxd5 Bxd5 24.Qxd5 Qc8 25.Bc5 Qf5 26.Qd3 Qe6 27.b3 f6 28.exf6 Bxf6 29.f5 gxf5
30.Qxf5 Qxf5 31.Rxf5 Re6 32.Rd7 Rae8 33.g3 Rc6 34.Kf2 Re5 35.Rxe5 Bxe5 36.Be3 Bd6
37.Kf3 Bb4 38.Bd2 Ba3 39.Bf4 Rc2 40.Rd2 Rc6 41.Ke4 Kf7 42.Rd7+ Kg6 43.Be5 h5
44.Rg7+ Kh6 45.Rc7 Rb6 46.Kf5 Bd6 47.Bf4+ Bxf4 48.gxf4 Rg6 49.Ra7 Rc6 50.h4 b4
51.Re7 Rc5+ 52.Re5 Rc2 53.Re6+ Kg7 54.Rxa6 Rc5+ 55.Ke6 Kg6 56.f5+ Rxf5 57.Rd6 Ra5
58.Rb6 Rxa2 59.Ke5+ Kf7 60.Rxb4 Rg2 61.Kd6 Rg4 62.Rc4 Rg6+ 63.Kc5 Ke6 64.Re4+ Kf5
65.Rd4 Rg8 66.b4 Rc8+ 67.Kb5 Rg8 68.Kb6 Ke5 69.Rc4 Kd6 70.Ka5 Rg4 71.Kb5 Rxc4
72.Kxc4 Kc6  1/2-1/2

[Event "Wrexham"]
[Site "Wrexham"]
[Date "1994.??.??"]
[Round "?"]
[White "Bezold, Michael"]
[Black "Hennigan, Michael"]
[Result "1-0"]
[WhiteElo "2475"]
[BlackElo "2465"]

1.d4 Nf6 2.Nf3 g6 3.c4 Bg7 4.Nc3 O-O 5.e4 d6 6.Be2 e5 7.d5 a5 8.Bg5 h6 9.Bh4 Na6
10.Nd2 h5 11.O-O Bh6 12.f3 Bd7 13.Rb1 Be3+ 14.Bf2 Bxf2+ 15.Rxf2 h4 16.a3 Nc5
17.b4 axb4 18.axb4 Na4 19.Nxa4 Bxa4 20.Qc1 c6 21.dxc6 bxc6 22.Bf1 Qc7 23.Qc3 Nd7
24.Qe3 Qa7 25.Qh6 Qd4 26.Qxh4 Kg7 27.f4 Bc2 28.Re1 exf4 29.Qxf4 Ra2 30.Nf3 Qa7
31.Qe3 Ra8 32.Nd4 Qa4 33.Qc3 Ne5 34.Rxc2 Ra3 35.Qd2 Qa7 36.c5 dxc5 37.bxc5 Rd8
38.Nf5+ gxf5 39.Qxd8  1-0

[Event "Wrexham"]
[Site "Wrexham"]
[Date "1994.??.??"]
[Round "?"]
[White "Lyrberg, Patrik"]
[Black "Abbasi, Nasser M"]
[Result "1-0"]
[WhiteElo "2405"]
[BlackElo "2280"]

1.d4 Nf6 2.c4 g6 3.Nc3 Bg7 4.e4 O-O 5.Nf3 d6 6.Be2 e5 7.d5 a5 8.Bg5 h6 9.Bh4 g5
10.Bg3 Nh5 11.h4 Nxg3 12.fxg3 g4 13.Nh2 h5 14.O-O c6 15.Kh1 Bh6 16.Nxg4 hxg4
17.Bxg4 c5 18.Bf5 Bxf5 19.Rxf5 f6 20.Nb5 Na6 21.Rh5 Bg7 22.Qg4 Nc7 23.Nc3 Qc8
24.Qg6 Qe8 25.Qf5 Rd8 26.Qh7+ Kf7 27.Rf1 Qe7 28.Rg5 Rg8 29.h5 Rdf8 30.Qg6+  1-0

[Event "Wuerzburg op"]
[Site "Wuerzburg"]
[Date "1994.??.??"]
[Round "4"]
[White "Kamp, Christoph"]
[Black "Kveinys, Aloyzas"]
[Result "1/2-1/2"]
[WhiteElo "2280"]
[BlackElo "2520"]

1.c4 Nf6 2.Nc3 e5 3.Nf3 d6 4.d4 Nbd7 5.e4 g6 6.Be2 Bg7 7.O-O O-O 8.Qc2 c6
9.Rd1 Qe7 10.d5 c5 11.Ne1 Ne8 12.Nd3 f5 13.Bd2 fxe4 14.Nxe4 Ndf6 15.f3 Nxe4
16.fxe4 Qh4 17.Bf3 Bg4 18.Bxg4 Qxg4 19.Re1 Nf6 20.Nf2 Qh4 21.g3 Qh5 22.Qd1  1/2-1/2

[Event "Zalakaros op"]
[Site "Zalakaros"]
[Date "1994.??.??"]
[Round "5"]
[White "Csiszar, Csaba"]
[Black "Dancs, Zsolt"]
[Result "1-0"]
[WhiteElo "2340"]
[BlackElo "2190"]

1.d4 Nf6 2.c4 g6 3.Nc3 Bg7 4.e4 d6 5.Be2 O-O 6.Nf3 e5 7.Be3 Nc6 8.d5 Ne7
9.Nd2 Nd7 10.b4 f5 11.f3 a6 12.c5 Nf6 13.cxd6 cxd6 14.Na4 b5 15.Nb6 Rb8 16.Nxc8 Rxc8
17.O-O Rc3 18.Bf2 Qd7 19.Nb1 Rc7 20.Qd3 fxe4 21.fxe4 Rc4 22.Nd2 Rxb4 23.a3 Rb2
24.Be3 Rc8 25.Bg5 Qa7+ 26.Kh1 Qd4 27.Qh3 Rxd2 28.Qe6+ Kh8 29.Bxf6 Rg8 30.Qxe7 Bxf6
31.Qxf6+ Rg7 32.Rac1  1-0

[Event "Zalakaros op"]
[Site "Zalakaros"]
[Date "1994.??.??"]
[Round "6"]
[White "Farago, Ivan"]
[Black "Czebe, Attila"]
[Result "1-0"]
[WhiteElo "2515"]
[BlackElo "2355"]

1.d4 Nf6 2.c4 g6 3.Nc3 Bg7 4.e4 d6 5.Be2 O-O 6.Nf3 Nbd7 7.O-O e5 8.Be3 exd4
9.Nxd4 Re8 10.f3 c6 11.Qd2 d5 12.exd5 cxd5 13.Rad1 Qe7 14.Bf2 Nb6 15.c5 Qxc5
16.Nf5 Qf8 17.Nxg7 Kxg7 18.Bd4 Qh8 19.Qf4 Re6 20.a4 Kg8 21.Qh4 Bd7 22.a5 Na4
23.Bxf6 Qxf6 24.Qxf6 Rxf6 25.Nxd5 Re6 26.Nc7 Rxe2 27.Nxa8 Bc6 28.b4 Nc3 29.Rd8+ Kg7
30.Rc1 Na2 31.Rc4 Rb2 32.Rdd4 Rb1+ 33.Kf2 Rb2+ 34.Kg3 Bb5 35.Rc7 Bf1 36.Rdd7 Rxg2+
37.Kf4 g5+ 38.Kf5  1-0

[Event "Zalakaros op"]
[Site "Zalakaros"]
[Date "1994.??.??"]
[Round "7"]
[White "Marton, Istvan"]
[Black "Zimmerman, Yuri"]
[Result "0-1"]
[WhiteElo "2245"]
[BlackElo "2345"]

1.d4 Nf6 2.c4 d6 3.Nc3 g6 4.e4 Bg7 5.Nf3 O-O 6.Be2 e5 7.d5 a5 8.h3 Na6 9.Be3 b6
10.O-O Nc5 11.Nd2 Nfd7 12.Na4 f5 13.f3 f4 14.Bf2 g5 15.a3 Nf6 16.b4 Nxa4
17.Qxa4 Bd7 18.Qc2 h5 19.c5 bxc5 20.bxc5 g4 21.hxg4 hxg4 22.fxg4 Nxg4 23.c6 Bc8
24.Nf3 Bf6 25.Rfb1 Kg7 26.Bb5 Qe8 27.Kf1 Qg6 28.Bg1 Rh8 29.Ke2 Ne3 30.Bxe3 Qxg2+
31.Kd3 Qxf3 32.Rg1+ Kf7 33.Rae1 Bh3 34.Kc4 fxe3 35.Qd3 Qf2 36.Rb1 Bg2  0-1

[Event "Zalakaros op"]
[Site "Zalakaros"]
[Date "1994.??.??"]
[Round "9"]
[White "Marton, Istvan"]
[Black "Dancs, Zsolt"]
[Result "1/2-1/2"]
[WhiteElo "2245"]
[BlackElo "2190"]

1.d4 Nf6 2.c4 g6 3.Nc3 Bg7 4.e4 d6 5.Nf3 O-O 6.Be2 e5 7.d5 a5 8.a4 Na6 9.Be3 Ng4
10.Bg5 f6 11.Bh4 Qe8 12.h3 Nh6 13.Nd2 f5 14.f3 fxe4 15.fxe4 Nc5 16.Qc2 Bd7
17.Nb5 Bxb5 18.cxb5 Qf7 19.Rf1 Qd7 20.O-O-O Rxf1 21.Rxf1 Rf8 22.Rxf8+ Bxf8
23.Bg5 Nf7 24.Bg4 Qe8 25.Be3 b6 26.Bxc5 dxc5 27.Be6 Qd8 28.Nf3 Qf6 29.Qd2 Be7
30.Kd1 Kg7 31.Bxf7 Kxf7 32.Qh6 Kg8 33.Ke2 Bf8 34.Qe3 h6 35.Qc3 Bd6 36.g4 Qf4  1/2-1/2

[Event "Ibercaja op"]
[Site "Zaragoza"]
[Date "1994.??.??"]
[Round "3"]
[White "Eslon, Jaan"]
[Black "Bernal Moro, Luis Javier"]
[Result "1-0"]
[WhiteElo "2425"]
[BlackElo "2390"]

1.d4 Nf6 2.c4 d6 3.Nf3 g6 4.Nc3 Bg7 5.e4 O-O 6.Be2 Nbd7 7.O-O e5 8.Qc2 c6
9.Rd1 exd4 10.Nxd4 Qe7 11.Bf1 Nc5 12.f3 a5 13.Qf2 Nfd7 14.Be3 a4 15.Rac1 Re8
16.Re1 Ne5 17.Qd2 Qc7 18.Bf2 Qb6 19.Kh1 Qb4 20.Qc2 Ne6 21.Ndb5 Nxf3 22.gxf3 cxb5
23.a3 Qa5 24.Nxb5 Be5 25.Rcd1 Ra6 26.Be3 Bd7 27.Qf2 g5 28.Rd2 Nf4 29.Red1 Re6
30.Bd4 Bxb5 31.cxb5 Bxd4 32.Rxd4 Ra8 33.Qd2 Qb6 34.Qc3 Rh6 35.R1d2 Re8 36.Rxa4 d5
37.exd5 Nxd5 38.Qd4 Qxd4 39.Raxd4 Ne3 40.Rd8 Rxd8 41.Rxd8+ Kg7 42.Be2 Re6
43.Kg1 b6 44.Kf2 f5 45.Rd7+ Kg6 46.Rc7 f4 47.a4 Kf5 48.Rxh7 Rd6 49.b4 Rd2
50.a5 bxa5 51.bxa5 Nc2 52.b6 Nd4 53.Re7 Nc6 54.b7 Rb2 55.a6 Nxe7 56.a7 Rxb7
57.a8=Q Rd7  1-0

[Event "Ibercaja op"]
[Site "Zaragoza"]
[Date "1994.??.??"]
[Round "3"]
[White "Franco Ocampo, Zenon"]
[Black "Potterat, Marc"]
[Result "1-0"]
[WhiteElo "2475"]
[BlackElo "2180"]

1.c4 g6 2.e4 Bg7 3.d4 d6 4.Be2 Nf6 5.Nc3 O-O 6.Nf3 e5 7.d5 a5 8.O-O Na6 9.Bg5 h6
10.Bh4 h5 11.Ne1 Bh6 12.f3 g5 13.Bf2 g4 14.Bh4 Bg7 15.fxg4 Bxg4 16.Bxg4 hxg4
17.Nd3  1-0

[Event "Ibercaja op"]
[Site "Zaragoza"]
[Date "1994.??.??"]
[Round "7"]
[White "Oms Pallise, Josep"]
[Black "Bernal Moro, Luis Javier"]
[Result "1/2-1/2"]
[WhiteElo "2305"]
[BlackElo "2390"]

1.c4 g6 2.Nc3 Bg7 3.Nf3 d6 4.d4 Nf6 5.e4 O-O 6.Be2 Nbd7 7.O-O e5 8.Qc2 h6
9.Rd1 Nh7 10.Rb1 Ng5 11.dxe5 dxe5 12.Be3 Ne6 13.b4 c6 14.c5 Qe7 15.Bc4 Kh7
16.Rd6 Nf6 17.Rbd1 Ne8 18.R6d2 f5 19.exf5 gxf5 20.Re2 Kh8 21.Bc1 e4 22.Nxe4 fxe4
23.Qxe4 Nf6 24.Qh4 Re8 25.Bxh6 Nh7 26.Bg5 Qf8 27.Bd3 Qg8 28.Ne5 Bxe5 29.Rxe5 Rf8
30.Bxh7 Qxh7 31.Bf6+ Kg8 32.Rh5 Qg6 33.Rh8+ Kf7 34.Rh6 Qf5 35.Rh7+ Kg8 36.Rh8+ Kf7
37.Rh7+ Kg8 38.Rh8+ Kf7 39.Rh7+  1/2-1/2

[Event "Ibercaja op"]
[Site "Zaragoza"]
[Date "1994.??.??"]
[Round "9"]
[White "Franco Ocampo, Zenon"]
[Black "Glavina, Pablo"]
[Result "1/2-1/2"]
[WhiteElo "2475"]
[BlackElo "2395"]

1.d4 Nf6 2.Nf3 g6 3.c4 Bg7 4.Nc3 O-O 5.e4 d6 6.Be2 Na6 7.O-O e5 8.d5 Nc5
9.Qc2 a5 10.Bg5 h6 11.Be3 b6 12.Nd2 Bg4 13.f3 Bd7 14.Kh1 Nh5 15.g3 f5 16.exf5 gxf5
17.f4 Qe8 18.fxe5 dxe5 19.Bxc5 bxc5 20.Nb3 f4 21.gxf4 Bh3 22.Rg1 exf4 23.Bf3 Qe3
24.Qe2 a4 25.Nxc5 Qxc5 26.Bxh5 Qe3 27.Qxe3 fxe3 28.Rae1 Kh8 29.Rxe3 Bf1 30.Ne2 Rab8
31.b3 Bxe2 32.Rxe2 axb3 33.axb3 Rxb3 34.Rg3 Rb1+ 35.Kg2 Rc1 36.Rg4 Rff1 37.Re8+ Rf8
38.Rxf8+ Bxf8 39.Bg6 Bc5 40.Kf3 Rg1 41.h4 Rxg4 42.Kxg4 Kg7  1/2-1/2

[Event "Zuerich op"]
[Site "Zuerich"]
[Date "1994.??.??"]
[Round "?"]
[White "Illi, Hans Joerg"]
[Black "Huberty, Marc"]
[Result "1-0"]
[WhiteElo "2210"]
[BlackElo "2120"]

1.d4 Nf6 2.Nf3 g6 3.c4 Bg7 4.Nc3 O-O 5.e4 d6 6.Be2 e5 7.d5 a5 8.O-O Na6 9.Ne1 Nc5
10.f3 Nfd7 11.Nd3 f5 12.exf5 gxf5 13.Nxc5 Nxc5 14.f4 Bd7 15.Be3 b6 16.Qd2 Qe7
17.Rae1 Ne4 18.Nxe4 fxe4 19.b3 a4 20.b4 Qh4 21.g3 Qh3 22.fxe5 Bxe5 23.Bd4 Bxd4+
24.Qxd4 Bf5 25.Rf4 Bg4  1-0

[Event "Zuerich op"]
[Site "Zuerich"]
[Date "1994.??.??"]
[Round "?"]
[White "Raeber, Markus"]
[Black "Mikavica, Mirko"]
[Result "0-1"]
[WhiteElo "2090"]
[BlackElo "2270"]

1.d4 Nf6 2.c4 g6 3.Nc3 Bg7 4.e4 d6 5.Nf3 O-O 6.Be2 Nbd7 7.O-O e5 8.Re1 Re8
9.Bf1 c6 10.Bg5 h6 11.Bh4 Qc7 12.Qd2 g5 13.Bg3 Nf8 14.d5 c5 15.a3 Ng6 16.b4 b6
17.bxc5 bxc5 18.Rab1 Nh5 19.Nb5 Rd8 20.Qc2 g4 21.Nd2 Nhf4 22.Qa4 h5 23.Nxd6 Bd7
24.Qc2 Ba4 25.Qxa4 Qxd6 26.Rb7 h4 27.Bxf4 exf4 28.Rxa7 Rab8 29.Ra6 Qe5 30.Qd1 Qd4
31.Re2 Rb2 32.Qa4 Rdb8 33.Ra8 f3 34.Nxf3 gxf3 35.Rxb2 Qxb2 36.Rxb8+ Qxb8
37.gxf3 Qf4 38.Qe8+ Kh7 39.Bh3 Qc1+ 40.Bf1 Ne5 41.Qe7 Nxf3+ 42.Kg2 Qf4 43.Qd7 Qxe4  0-1

[Event "Tyneside International"]
[Site "Newcastle"]
[Date "1995.05.26"]
[Round "2"]
[White "Walker, David"]
[Black "Nelson, Jonathan"]
[Result "1-0"]
[WhiteElo "2300"]
[BlackElo "2245"]

1.d4 Nf6 2.c4 g6 3.Nc3 Bg7 4.e4 d6 5.Nf3 O-O 6.Be2 e5 7.O-O exd4 8.Nxd4 Re8
9.f3 c6 10.Be3 d5 11.cxd5 cxd5 12.Qb3 Nc6 13.Rad1 a6 14.Bf2 Na5 15.Qa3 Bf8
16.b4 Nc6 17.Nxc6 bxc6 18.exd5 Nxd5 19.Qb3 Be6 20.Bc4 Qb8 21.Ne4 Bg7 22.Rfe1 Be5
23.Bg3 Bxg3 24.hxg3 Qa7+ 25.Kh2 Red8 26.Qb2 Rab8 27.Bxd5 cxd5 28.Nf6+ Kf8
29.Nxd5 Kg8 30.Nf6+ Kf8 31.Nd7+ Rxd7 32.Rxd7 Qxd7 33.Qh8+ Ke7 34.Qxb8 Qd2
35.Qc7+ Kf8 36.Qc5+ Kg8 37.Rc1 Qxa2 38.Rd1 h5 39.Rd8+ Kh7 40.Qe5  1-0

[Event "Aalborg op"]
[Site "Aalborg"]
[Date "1995.??.??"]
[Round "2"]
[White "Gagarin, Vasilij"]
[Black "Andersen, Jackie"]
[Result "1/2-1/2"]
[WhiteElo "2420"]
[BlackElo "2285"]

1.d4 g6 2.c4 Bg7 3.Nc3 d6 4.Nf3 Nd7 5.e4 e5 6.Be2 Ngf6 7.O-O O-O 8.Be3 Ng4
9.Bg5 f6 10.Bc1 Nh6 11.Rb1 Nf7 12.dxe5 dxe5 13.b4 Re8 14.Qb3 c6 15.Rd1 Qc7
16.c5 Nf8 17.Bc4 Bg4 18.Ne2 Rad8 19.Bb2 Bh6 20.Rxd8 Rxd8 21.Bxe5 fxe5 22.Bxf7+ Kg7
23.Bc4 Kf6 24.h3 Bc8 25.Nh2 Bg5 26.f4 Bh6 27.fxe5+ Kg7 28.e6 Kh8 29.Rf1 Re8
30.Ng4 Bg7 31.Rf7 Re7 32.Ng3 Rxf7 33.exf7 Bxg4 34.hxg4 Bd4+ 35.Kh1 Qf4 36.Ne2 Qf1+
37.Kh2 Be5+ 38.Ng3 Qf4 39.Be2 Qxe4 40.Qd3 Qxb4 41.Qe3 Qf4 42.Qxf4 Bxf4 43.Bc4 Kg7
44.Kh3 Bxg3 45.Kxg3 Nd7 46.Kf4 Nxc5 47.Ke5 b5 48.Be2 Kxf7 49.Kd6 Ne4+ 50.Kxc6 b4
51.Bc4+ Kf6 52.Kb5 Nd6+ 53.Kxb4 Nxc4 54.Kxc4 Kg5 55.Kb5 Kxg4 56.Ka6 Kg3 57.Kxa7 Kxg2
58.a4 h5 59.a5 h4 60.a6 h3 61.Kb6 h2 62.a7 h1=Q 63.a8=Q+ Kh2  1/2-1/2

[Event "Aalborg op"]
[Site "Aalborg"]
[Date "1995.??.??"]
[Round "2"]
[White "Holmsgaard, Henrik"]
[Black "Kochetkov, German"]
[Result "0-1"]
[WhiteElo "2295"]
[BlackElo "2435"]

1.c4 Nf6 2.Nc3 e5 3.Nf3 d6 4.d4 Nbd7 5.e4 g6 6.Be2 Bg7 7.O-O O-O 8.Be3 Re8
9.Qc2 c6 10.Rad1 Qe7 11.Rfe1 exd4 12.Bxd4 Ne5 13.h3 Nh5 14.Be3 Be6 15.Nxe5 dxe5
16.Bxh5 gxh5 17.c5 f6 18.Rd6 Qf7 19.Qa4 Kh8 20.Qd1 h4 21.b4 Rg8 22.Qf3 Bf8
23.Rd2 Be7 24.Kh2 Rg6 25.Qd1 Rag8 26.f4 Qg7 27.Ree2 Bc4 28.Rf2 Rg3 29.Qe1 Rxe3  0-1

[Event "Aalborg"]
[Site "Aalborg"]
[Date "1995.??.??"]
[Round "8"]
[White "Barkhagen, Jonas"]
[Black "Berg, Klaus"]
[Result "1/2-1/2"]
[WhiteElo "2405"]
[BlackElo "2420"]

1.Nf3 Nf6 2.c4 g6 3.Nc3 Bg7 4.e4 d6 5.d4 O-O 6.Be2 Na6 7.O-O e5 8.Re1 Qe8
9.Bf1 Bg4 10.d5 Nb4 11.Be2 a5 12.a3 Na6 13.Nd2 Bd7 14.b3  1/2-1/2

[Event "Aceimar op"]
[Site "Aceimar"]
[Date "1995.??.??"]
[Round "?"]
[White "Vera, Reynaldo"]
[Black "Del Rey, Diego"]
[Result "1-0"]
[WhiteElo "2495"]
[BlackElo "2340"]

1.d4 Nf6 2.c4 g6 3.Nc3 Bg7 4.e4 d6 5.Be2 O-O 6.Nf3 e5 7.O-O Qe8 8.dxe5 dxe5
9.Be3 b6 10.h3 Bb7 11.Qc2 Na6 12.a3 c6 13.b4 Nc7 14.c5 b5 15.a4 a6 16.axb5 axb5
17.Rxa8 Bxa8 18.Ra1 Nd7 19.Qd2 Qc8 20.Ng5 Nf6 21.Bd1 h6 22.Nxf7 Rxf7 23.Bb3 Qf8
24.Ra7 Nfd5 25.exd5 Nxd5 26.Rxa8 Qxa8 27.Nxd5 cxd5 28.Bxd5 Qe8 29.c6  1-0

[Event "Aceimar op"]
[Site "Aceimar"]
[Date "1995.??.??"]
[Round "?"]
[White "Giorgadze, Giorgi"]
[Black "Brito, Alfredo"]
[Result "1-0"]
[WhiteElo "2605"]
[BlackElo "2360"]

1.d4 Nf6 2.c4 g6 3.Nc3 Bg7 4.e4 d6 5.Nf3 O-O 6.Be2 e5 7.Be3 h6 8.O-O Ng4
9.Bc1 Nc6 10.d5 Ne7 11.Ne1 h5 12.h3 Nh6 13.f4 exf4 14.Bxf4 f5 15.Qd2 Nf7
16.Nf3 c5 17.Rae1 b5 18.cxb5 fxe4 19.Nxe4 Nf5 20.Bc4 a6 21.bxa6 Bxa6 22.Bxa6 Rxa6
23.Nc3 Rb6 24.Re6 Nh8 25.b3 Qa8 26.Ne4 Qa6 27.Bg5 c4 28.Nf6+ Bxf6 29.Bxf6 cxb3
30.Bxh8 Kxh8 31.Qc3+ Kh7 32.Qc7+ Kh6 33.Qc1+ Kh7 34.Ng5+ Kh6 35.Rxf5  1-0

[Event "Cseppko op"]
[Site "Aggtelek"]
[Date "1995.??.??"]
[Round "?"]
[White "Kiss, Pal"]
[Black "Valis, Janos"]
[Result "1-0"]
[WhiteElo "2455"]
[BlackElo "2140"]

1.d4 Nf6 2.c4 g6 3.Nc3 Bg7 4.e4 d6 5.Nf3 O-O 6.Be2 e5 7.d5 a5 8.Bg5 Na6 9.Nd2 Qe8
10.a3 Bd7 11.b3 h6 12.Bh4 Nh7 13.O-O h5 14.f3 Bh6 15.Bf2 f5 16.Rb1 Bxd2 17.Qxd2 f4
18.b4 axb4 19.axb4 g5 20.c5 Kh8 21.c6 bxc6 22.dxc6 Be6 23.b5 Nb8 24.Ra1 Rxa1
25.Rxa1 Nf6 26.Ra7 Rf7 27.Rb7 Qg8 28.Ba7 Rf8 29.Rxc7 Nxc6 30.Rxc6 Ne8 31.Bb8 g4
32.Bxd6 gxf3 33.Bxf3 Bg4 34.Bxg4  1-0

[Event "Cseppko op"]
[Site "Aggtelek"]
[Date "1995.??.??"]
[Round "?"]
[White "Kovacs, Arthur"]
[Black "Dancs, Zsolt"]
[Result "1/2-1/2"]
[WhiteElo "2205"]
[BlackElo "2150"]

1.d4 Nf6 2.Nf3 g6 3.c4 Bg7 4.Nc3 O-O 5.e4 d6 6.Be2 e5 7.dxe5 dxe5 8.Qxd8 Rxd8
9.Bg5 c6 10.Nxe5 Re8 11.O-O-O Nxe4 12.Nxe4 Bxe5 13.Bf3 Be6 14.b3 Nd7 15.Nd6 Bxd6
16.Rxd6 Kg7 17.Re1 Bf5 18.Red1 Ne5 19.Bf6+ Kf8  1/2-1/2

[Event "Agios Nikolaos op"]
[Site "Agios Nikolaos"]
[Date "1995.??.??"]
[Round "3"]
[White "Avrukh, Boris"]
[Black "Saltaev, Mihail"]
[Result "1/2-1/2"]
[WhiteElo "2395"]
[BlackElo "2495"]

1.d4 Nf6 2.c4 d6 3.Nc3 Nbd7 4.Nf3 g6 5.e4 e5 6.Be2 Bg7 7.O-O O-O 8.d5 Nc5
9.Qc2 a5 10.Bg5 h6 11.Be3 Qe8 12.Nd2 Ng4  1/2-1/2